Elektronizacja Poradnik zawodowy

Saved in:
Bibliographic Details
Format: Book
Language:Polish
Published: Warszawa Wyd. Komunikacji i Lacznosci 1987
Edition:1. wyd.
Tags: Add Tag
No Tags, Be the first to tag this record!

MARC

LEADER 00000nam a2200000 4500
001 c028170
005 20221219123300.2
041 0 |a pol 
044 |a PL 
245 1 0 |a Elektronizacja  |b Poradnik zawodowy 
250 |a 1. wyd. 
264 1 |a Warszawa  |b Wyd. Komunikacji i Lacznosci  |c 1987 
300 |a 79 s.